000 00217nam a2200109Ia 4500
100 _aTown H.C
942 _cBK
245 _aCutting tools Jigs & Fixtures
260 _bOdhams Press
082 _a621.9
300 _a360
999 _c20714
_d20714